Research methods for business : a skill-building approach

Bibliographic Details
Main Author: Sekaran, Uma
Other Authors: Bougie, Roger
Format: Book
Published: West Sussex : John Wiley & Sons Ltd. , 2010
Edition:5th ed
Subjects:

MARC

LEADER 00000cam a2200000 7i4500
001 0000149755
005 20110322.0
020 |a 9780470744796 
090 0 0 |a 650.072   |b SEK 
100 1 |a Sekaran, Uma 
245 1 0 |a Research methods for business :   |b a skill-building approach   |c Uma Sekaran and Roger Bougie 
250 |a 5th ed 
260 |a West Sussex :   |b John Wiley & Sons Ltd. ,   |c 2010 
300 |a 468p. ;   |c 24cm. 
650 0 0 |a Business   |x Research   |x Methodology 
700 1 |a Bougie, Roger 
999 |a 00246249   |b BUKU   |c RUJUKAN   |e PERPUSTAKAAN KOMUNITI PETALING JAYA